Competition law in the European Communities : situation at 30 June 1994.

Saved in:
Bibliographic Details
Corporate Author: Commission of the European Communities.
Format: Book
Language:English
Published: Brussels : Lanham, MD : Office for Official Publications of the European Communities ; UNIPUB [distributor], 1994-
Subjects:
Tags: Add Tag
No Tags, Be the first to tag this record!
LEADER 01361nam a2200337 a 4500
001 005236341-4
005 20020606095253.2
008 950922m19949999be b i000 0 eng d
020 |a 9282667529 (set) 
020 |a 9282667596 (pbk. : v. 1A) :  |c ECU 25 
020 |a 9282702332 (pbk. : v. 1A Addendum) 
020 |a 9282690415 (pbk. : v. 2A) 
020 |a 9282776360 (pbk. : v. 3A) 
020 |a 9282796647 (pbk. : v. 2B) 
035 0 |a ocm32783000 
035 1 |a MAHL95B3964 
035 1 |z TXULB11991720B 
040 |a TxU-L  |c TxU-L  |d MH-L 
043 |a e------ 
050 4 |a KJE6456.A72  |b C665 1994x 
245 0 0 |a Competition law in the European Communities :  |b situation at 30 June 1994. 
260 |a Brussels :  |b Office for Official Publications of the European Communities ;  |a Lanham, MD :  |b UNIPUB [distributor],  |c 1994- 
300 |a v. ;  |c 23 cm. 
500 |a At head of title: European Commission. 
504 |a Includes bibliographical references. 
505 1 |a v. 1A. Rules applicable to undertakings -- v. 2A. Rules applicable to state aid -- v. 2B. Explanation of the rules applicable to State aid -- v.3A. Rules in the international field 
650 0 |a Antitrust law  |z European Union countries. 
650 0 |a Competition, Unfair  |z European Union countries. 
710 2 |a Commission of the European Communities. 
988 |a 20020608 
906 |0 RLIN